000 01413cam a22003857a 4500
003 CHAP
005 20220329135204.0
008 971013s1984 r 00010 d
010 _a32328
011 _a33300
035 _a37415
040 _cCHAP
090 _aTesis
100 0 0 _aCruz Díaz, Jaime.
_929362
245 1 3 _aEl uso de los parámetros Q
_c/ I y de los potenciales químicos (potasio, calcio y magnesio) como una medida de la disponibilidad nutrimental en algunos suelos cañeros de México
260 _aChapingo, Méx. :
_bEl autor,
_c1984
300 _a219 h.
_b: gráfs. ; mapas
502 _aTesis (M.C. Esp. en Edofología) -- CP. Centro de Edafología
590 _aALEPH
_b10
_c20130110
_lUCH01
_h1255
590 _aBATCH-UPD
_b10
_c20130110
_lUCH01
_h0041
590 _aBATCH-UPD
_b10
_c20130110
_lUCH01
_h1854
590 _aBATCH-UPD
_b10
_c20130409
_lUCH01
_h2026
590 _aBATCH-UPD
_b10
_c20130410
_lUCH01
_h1223
590 _aBATCH-UPD
_b10
_c20130914
_lUCH01
_h1105
590 _aCONVERSION
_b10
_c20130109
_lUCH01
_h1318
650 1 4 _aSuelos cañeros.
_9110540
650 1 4 _aSuelos
_xCalcio en.
_9110225
650 1 4 _aSuelos
_xElementos minerales.
_9110356
650 1 4 _aSuelos
_xMagnesio en.
_9110422
650 1 4 _aSuelos
_xPotasio en.
_9110462
901 _aBK
942 _cFOLL
949 _bBC
_cTES
_d-85749
_eTS1
_i37415
_si
949 _bBC
_cTES
_d33724000981452
_eTS2
_fc.3
_i37415
_sb
999 _c32328
_d32328